Normal view
MARC view
- الخزرجي، عبد السلام، م. مشارك رضية حسين الخزرجي
Entry Personal Name
001 - CONTROL NUMBER
- control field: 62239
003 - CONTROL NUMBER IDENTIFIER
- control field: JO-AjAnu
005 - DATE AND TIME OF LATEST TRANSACTION
- control field: 20230606084151.0
008 - FIXED-LENGTH DATA ELEMENTS
- fixed length control field: 230606|| aca||aabn | a|a d
040 ## - CATALOGING SOURCE
- Original cataloging agency: JO-AjAnu
- Transcribing agency: JO-AjAnu
100 ## - HEADING--PERSONAL NAME
- Personal name: الخزرجي، عبد السلام، م. مشارك رضية حسين الخزرجي
670 ## - SOURCE DATA FOUND
- Source citation: Work cat.: (JO-AjAnu)31742: الخزرجي، عبد السلام، م. مشارك رضية حسين الخزرجي, author, السياسة التربوية في الوطن العربي: الواقع والمستقبل